Statystyki dla XI Roku 2000 wg Tygodnika "Piłka Nożna" (Europa)

Kliknij tutaj aby rozwiązać quiz!

Ogólne statystyki

  • Ten quiz został rozwiązany 22 razy
  • Średni wynik to 8 z 11

Statystyki odpowiedzi

PozycjaKrajKlubZawodnik% Poprawnych
PPPortugaliaBarcelona/Real M.Luis Figo
95%
NFrancjaArsenalThierry Henry
95%
LOWłochyMilanPaolo Maldini
90%
ŚPOFrancjaJuventusZinedine Zidane
85%
NUkrainaMilanAndrij Szewczenko
80%
LPCzechyLazioPavel Nedved
80%
ŚOWłochyLazioAlessandro Nesta
70%
BRFrancjaMonako/Man UnitedFabien Barthez
70%
ŚOWłochyParmaFabio Cannavaro
70%
ŚOFrancjaInterLaurent Blanc
65%
ŚPHiszpaniaValenciaGaizka Mendieta
25%

Rozkład punktacji

Percentyl według liczby udzielonych odpowiedzi

Procent ludzi z każdym wynikiem

Twoja historia wyników

Nie rozwiązałeś tego quizu